| Tag |
First Indicator |
Second Indicator |
Subfields |
| LEADER |
00000cem a2200000 a 4500 |
| 001 |
in00001402776 |
| 005 |
20151020052151.0 |
| 007 |
aj canzn |
| 008 |
970827s1997 mduadekbd a f 0 eng d |
| 010 |
|
|
|a gp 97067559
|
| 034 |
1 |
|
|a a
|b 200000
|d W0634953
|e W0582953
|f S0625800
|g S0642800
|
| 035 |
|
|
|a (OCoLC)37534787
|
| 035 |
|
|
|9 AHM2890AM
|
| 037 |
|
|
|a NSN 7642-01-401-2249
|b DOD
|
| 037 |
|
|
|a 29 ACO 29121
|b NIMA
|
| 040 |
|
|
|a GPO
|c GPO
|d DLC
|d MvI
|d UtOrBLW
|
| 052 |
|
|
|a 9802
|b A55
|b B74
|b C6
|
| 074 |
|
|
|a 0378-E-22
|
| 086 |
0 |
|
|a D 5.356:29121/997
|
| 110 |
1 |
|
|a United States.
|b National Imagery and Mapping Agency.
|
| 245 |
1 |
0 |
|a Antarctica, Antarctic Peninsula--west coast, Brabant Island to Deception Island.
|
| 246 |
3 |
0 |
|a Brabant Island to Deception Island
|
| 250 |
|
|
|a 5th ed., June 28, 1997 (Correct through NM 26/97).
|
| 255 |
|
|
|a Scale 1:200,000 at lat. 65⁰ ;
|b Mercator proj.
|c (W 63⁰49ʹ53ʺ--W 58⁰29ʹ53ʺ/S 62⁰58ʹ00ʺ--S 64⁰28ʹ00ʺ).
|
| 264 |
|
1 |
|a [Bethesda, Md.] :
|b The Agency ;
|c [1997]
|
| 264 |
|
2 |
|a [Riverdale, Md.] :
|b [NOAA Distribution Division, N/ACC3, National Ocean Service, distributor],
|
| 300 |
|
|
|a 1 map :
|b color ;
|c 80 x 126 cm.
|
| 336 |
|
|
|a cartographic image
|b cri
|2 rdacontent
|
| 337 |
|
|
|a unmediated
|b n
|2 rdamedia
|
| 338 |
|
|
|a sheet
|b nb
|2 rdacarrier
|
| 500 |
|
|
|a Depths shown by isolines and soundings.
|
| 500 |
|
|
|a Relief shown by contours, hachures, and spot heights.
|
| 500 |
|
|
|a "From British Admiralty and Argentine charts to 1991."
|
| 500 |
|
|
|a "Soundings in meters."
|
| 500 |
|
|
|a "Copyright 1997 by the United States Government. No copyright claimed under Title 17 U.S.C."
|
| 500 |
|
|
|a Includes source diagram.
|
| 500 |
|
|
|a Cartographic material.
|
| 650 |
|
0 |
|a Harbors
|z Antarctica
|z Antarctic Peninsula
|x Maps.
|
| 651 |
|
0 |
|a Antarctic Peninsula (Antarctica)
|x Maps.
|
| 651 |
|
0 |
|a Bransfield Strait
|x Navigation.
|
| 999 |
|
|
|a MARS
|
| 999 |
f |
f |
|s 8d595f44-beed-3a30-a2d7-c3c55b4fbd0a
|i d0a66427-b957-361f-98c7-42ea120b0a04
|t 0
|
| 952 |
f |
f |
|p normal
|a Texas A&M University
|b College Station
|c Sterling C. Evans Library
|d Evans: Maps (2nd floor)
|t 0
|e D 5.356:29121/997
|h Superintendent of Documents classification
|i unmediated -- sheet
|m A14823017609
|
| 998 |
f |
f |
|a D 5.356:29121/997
|t 0
|l Evans: Maps (2nd floor)
|